[Event "Kurpfalz Seniors op 08th"]
[Site "Ludwigshafen"]
[Date "2002.09.14"]
[Round "7"]
[White "Scholz, Dankmar"]
[Black "Schaefer, Gustav"]
[Result "0-1"]
[WhiteElo "1410"]
[BlackElo "1552"]
[PlyCount "50"]
[EventDate "2002.09.08"]
[EventType "swiss"]
[EventRounds "7"]
[EventCountry "GER"]
[SourceTitle "EXT 2007"]
[Source "ChessBase"]
[SourceDate "2006.11.23"]
[SourceVersion "1"]
[SourceVersionDate "2006.11.23"]
[SourceQuality "1"]

1. e4 e5 2. Nf3 d6 3. Nc3 Nf6 4. d3 Be7 5. Be2 b6 6. 0-0 0-0 7. Bd2 Bb7 8. h3 h6 9. Re1 Nbd7 10. a3 d5 11. exd5 Nxd5 12. Nxd5 Bxd5 13. Bf1 Bd6 14. b4 Re8 15. Be3 f5 16. g3 f4 17. gxf4 exf4 18. Bd2 Ne5 19. Bg2 Qf6 20. Kh2 c6 21. Rg1 g5 22. Kh1 g4 23. hxg4 Nxg4 24. Qf1 Bxf3 25. Bxf3 Qh4+ 0-1